| 000 | 01299nam a2200349 4500 | ||
|---|---|---|---|
| 001 | 24986 | ||
| 003 | BD-RjUL | ||
| 005 | 20211209050820.0 | ||
| 008 | 140316s1971 caua b 001 0 eng | ||
| 020 | _a0520015975 | ||
| 035 | _a(BD-RjUL)25055 | ||
| 040 |
_aDLC _cDLC _dDLC _dBD-RjUL _beng |
||
| 041 | _aeng | ||
| 082 | 0 | 0 |
_a913.39503 _bVRD 1971 |
| 100 | 1 |
_aVryonis, Speros, _d1928- _976853 |
|
| 245 | 1 | 4 |
_aThe decline of medieval Hellenism in Asia Minor and the process of Islamization from the eleventh through the fifteenth century / _cSperos Vryonis, Jr. |
| 260 |
_aBerkeley : _bUniversity of California Press, _cc1971. |
||
| 300 |
_axvii, 532 p. : _bill. ; _c24 cm. |
||
| 350 | _a$15.00 | ||
| 490 | 1 | _aPublications of the Center for Medieval and Renaissance Studies, UCLA, 4 | |
| 504 | _aIncludes bibliographical references and index. | ||
| 650 | 0 |
_aIslamic civilization. _9844 |
|
| 650 | 0 |
_aHellenism _xHistory _yTo 1500. _976854 |
|
| 651 | 0 |
_aByzantine Empire _xCivilization _y1081-1453. _976855 |
|
| 651 | 0 |
_aByzantine Empire _xHistory _y1081-1453. _976856 |
|
| 651 | 0 |
_aTurkey _xHistory _yTo 1453. _974938 |
|
| 830 | 0 |
_v4. _976859 |
|
| 830 | 0 |
_aPublications of the Center for Medieval and Renaissance Studies ; _976860 |
|
| 942 |
_2ddc _cBK |
||
| 999 |
_c24986 _d24986 |
||